The Americana annual: encyclopedia of the events of 1953

Gardado en:
Detalles Bibliográficos
Autor Principal: DUDLEY, lavinia P.
Formato: Libro
Idioma:inglés
Publicado: Americana Corporation 1953
Tags: Engadir etiqueta
Sen Etiquetas, Sexa o primeiro en etiquetar este rexistro!

MARC

LEADER 00000nam a22000007a 4500
008 201218b ||||| |||| 00| 0 eng d
100 |a DUDLEY, lavinia P. 
245 |a The Americana   |b annual: encyclopedia of the events of 1953  |c Lavinia P. Dudley, John J. Smith  |g xvi, 844p. ; ill. 
260 |b Americana Corporation  |c 1953  |h New York:   |i 694181  |l AE5 .D86  |m Encyclopedias and dictionaries. 
942 |a lcc  |c BK  |e Adeniran, F.A.  |f 18/12/2020 
952 |0 0  |1 0  |2 ddc  |4 0  |6 AE_5_000000000000000__D86  |7 0  |9 867  |a HOL  |b HOL  |c AF  |d 2020-12-18  |l 0  |o AE5 .D86  |p 2020-230081  |r 2020-12-18 00:00:00  |w 2020-12-18  |y BK 
999 |c 480  |d 480